[Event "Quebec-ch"]
[Site "Quebec CAN"]
[Date "2007.06.25"]
[Round "5"]
[White "Khassanov, Marat"]
[Black "Masse, Hugues"]
[Result "1/2-1/2"]
[WhiteElo "2302"]
[BlackElo "2181"]
[PlyCount "106"]
[GameId "2160767910667674"]
[EventDate "2007.06.21"]
[EventType "tourn"]
[EventRounds "9"]
[EventCountry "CAN"]
[SourceTitle "CBM 119 Extra"]
[Source "ChessBase"]
[SourceDate "2007.09.04"]
[SourceVersion "1"]
[SourceVersionDate "2007.09.04"]
[SourceQuality "1"]

1. e4 c5 2. Nf3 d6 3. d4 cxd4 4. Nxd4 Nf6 5. Nc3 a6 6. Be3 e5 7. Nb3 Be6 8. Be2 Be7 9. Qd3 O-O 10. Nd5 Nbd7 11. c4 b5 12. cxb5 axb5 13. O-O Rb8 14. Bf3 Bxd5 15. exd5 Nc5 16. Qd2 Nxb3 17. axb3 Rb7 18. Be2 Qd7 19. f3 Rc8 20. Rfc1 Rxc1+ 21. Rxc1 e4 22. Qa5 Bd8 23. Qa8 Rc7 24. Rxc7 Qxc7 25. Bxb5 exf3 26. gxf3 h6 27. Bd3 Nd7 28. Qa4 Bg5 29. f4 Bf6 30. Bf5 Nf8 31. Qa7 Qd8 32. b4 Qe8 33. Bd3 Bxb2 34. Kf2 Qd8 35. h3 Qh4+ 36. Kg2 Qh5 37. Qa8 Qd1 38. Qa6 Qe1 39. Qb6 Bc3 40. b5 Qd1 41. Be4 Qe2+ 42. Kg1 Qe1+ 43. Kg2 Qe2+ 44. Kg1 Qe1+ 45. Kg2 Bd2 46. Bxd2 Qxe4+ 47. Kf2 Qxd5 48. Be3 Ne6 49. Qb8+ Kh7 50. b6 Nd4 51. Bxd4 Qxd4+ 52. Kf3 Qd3+ 53. Kf2 Qd2+ 1/2-1/2

[Event "Quebec-ch"]
[Site "Quebec CAN"]
[Date "2007.06.25"]
[Round "5"]
[White "Ye, Ling Feng"]
[Black "Voskanyan, Vahagn"]
[Result "1-0"]
[WhiteElo "2141"]
[BlackElo "2275"]
[PlyCount "101"]
[GameId "2160767910667676"]
[EventDate "2007.06.21"]
[EventType "tourn"]
[EventRounds "9"]
[EventCountry "CAN"]
[SourceTitle "CBM 119 Extra"]
[Source "ChessBase"]
[SourceDate "2007.09.04"]
[SourceVersion "1"]
[SourceVersionDate "2007.09.04"]
[SourceQuality "1"]

1. e4 c6 2. d4 d5 3. Nc3 dxe4 4. Nxe4 Nf6 5. Nxf6+ exf6 6. c3 Bd6 7. Bd3 O-O 8. Ne2 Bg4 9. Qc2 Bxe2 10. Bxe2 Re8 11. O-O Qc7 12. h3 Nd7 13. Bd3 g6 14. Bd2 c5 15. Be3 f5 16. Bb5 c4 17. Bxd7 Qxd7 18. Qd2 Re4 19. f3 Re6 20. Rae1 Rae8 21. Bf2 Bc7 22. Rxe6 Rxe6 23. Re1 Qd6 24. Rxe6 fxe6 25. Qe2 b5 26. Qe5 Qxe5 27. dxe5 Bxe5 28. Bxa7 b4 29. cxb4 Bxb2 30. b5 c3 31. Bd4 Ba1 32. Be3 c2 33. Bc1 Bd4+ 34. Kf1 f4 35. Ke2 Be3 36. b6 Bxb6 37. Bxf4 e5 38. Bd2 Kf7 39. Kd3 Ke6 40. Kxc2 Kd5 41. Kd3 Bc7 42. a4 Kc5 43. Ke4 Kc4 44. a5 Kb5 45. Kd5 Bb8 46. g4 Bc7 47. h4 h5 48. g5 Bb8 49. Ke6 e4 50. fxe4 Bg3 51. Kf6 1-0

[Event "Quebec-ch"]
[Site "Quebec CAN"]
[Date "2007.06.27"]
[Round "6"]
[White "Luksza, Arkadiusz"]
[Black "Khassanov, Marat"]
[Result "0-1"]
[WhiteElo "2141"]
[BlackElo "2302"]
[PlyCount "124"]
[GameId "2160767910667678"]
[EventDate "2007.06.21"]
[EventType "tourn"]
[EventRounds "9"]
[EventCountry "CAN"]
[SourceTitle "CBM 119 Extra"]
[Source "ChessBase"]
[SourceDate "2007.09.04"]
[SourceVersion "1"]
[SourceVersionDate "2007.09.04"]
[SourceQuality "1"]

1. d4 d5 2. c4 e6 3. Nf3 Nf6 4. Nc3 Be7 5. g3 dxc4 6. Qa4+ c6 7. Qxc4 b5 8. Qd3 Bb7 9. Bg2 Nbd7 10. O-O O-O 11. Rd1 Qb6 12. Bg5 h6 13. Bxf6 Bxf6 14. Rac1 Rfd8 15. Ne4 Be7 16. Qc2 Rac8 17. Ne5 Nxe5 18. dxe5 Rxd1+ 19. Rxd1 c5 20. Nd6 Bxd6 21. Bxb7 Qxb7 22. exd6 c4 23. Qd2 b4 24. d7 Rd8 25. Qd6 c3 26. bxc3 bxc3 27. Qd3 Qb2 28. Rf1 Qxa2 29. Qxc3 Qd5 30. Ra1 Rxd7 31. Qc8+ Kh7 32. h4 Rb7 33. Qc2+ Qf5 34. Qxf5+ exf5 35. f3 h5 36. Kf2 Re7 37. Ra2 g6 38. Ra4 Kg7 39. e4 fxe4 40. fxe4 Kf6 41. Kf3 Ke5 42. Ke3 Kd6 43. Kd4 Kc6 44. Ra1 Kb6 45. Rb1+ Kc7 46. Ra1 Kb8 47. Kd5 Rb7 48. Kd6 Kc8 49. Ra3 Kd8 50. Kc6 Rd7 51. Ra5 Ke8 52. Ra3 Ke7 53. Ra5 Rd6+ 54. Kc5 a6 55. Ra3 Ke6 56. Kc4 Ke5 57. Rf3 f6 58. Kc5 Rd1 59. Ra3 Rc1+ 60. Kb4 Kxe4 61. Rxa6 Kf5 62. Kb3 Rg1 0-1

[Event "Quebec-ch"]
[Site "Quebec CAN"]
[Date "2007.06.28"]
[Round "7"]
[White "Audet-Bouchard, Nicolas"]
[Black "Luksza, Arkadiusz"]
[Result "0-1"]
[WhiteElo "2204"]
[BlackElo "2141"]
[PlyCount "72"]
[GameId "2160767910667682"]
[EventDate "2007.06.21"]
[EventType "tourn"]
[EventRounds "9"]
[EventCountry "CAN"]
[SourceTitle "CBM 119 Extra"]
[Source "ChessBase"]
[SourceDate "2007.09.04"]
[SourceVersion "1"]
[SourceVersionDate "2007.09.04"]
[SourceQuality "1"]

1. e4 e6 2. d4 d5 3. Nc3 Nf6 4. Bg5 dxe4 5. Nxe4 Be7 6. Bxf6 Bxf6 7. Nf3 Nd7 8. Qd2 b6 9. Bb5 Bb7 10. Nxf6+ gxf6 11. Qf4 c6 12. Bd3 Qb8 13. Qe3 Qd6 14. O-O-O O-O-O 15. Rhe1 h5 16. g3 Rhg8 17. Kb1 Kb8 18. Be2 Qc7 19. Nh4 Rh8 20. Bf3 f5 21. c4 Nf6 22. Qg5 Ng4 23. Bxg4 hxg4 24. c5 Ba6 25. f3 bxc5 26. fxg4 Rhg8 27. Qc1 Rxg4 28. Qxc5 Qd6 29. Qxd6+ Rxd6 30. Nf3 f6 31. b3 f4 32. Re4 f5 33. Ne5 fxe4 34. Nxg4 Be2 35. Re1 Bxg4 36. Rxe4 Bf5 0-1

[Event "Quebec-ch"]
[Site "Quebec CAN"]
[Date "2007.06.28"]
[Round "7"]
[White "Khassanov, Marat"]
[Black "Voloaca, Mihnea"]
[Result "1/2-1/2"]
[WhiteElo "2302"]
[BlackElo "2228"]
[PlyCount "96"]
[GameId "2160767910667685"]
[EventDate "2007.06.21"]
[EventType "tourn"]
[EventRounds "9"]
[EventCountry "CAN"]
[SourceTitle "CBM 119 Extra"]
[Source "ChessBase"]
[SourceDate "2007.09.04"]
[SourceVersion "1"]
[SourceVersionDate "2007.09.04"]
[SourceQuality "1"]

1. e4 e5 2. Nf3 Nc6 3. Bc4 Nf6 4. d3 Be7 5. O-O O-O 6. Re1 d6 7. d4 Bg4 8. d5 Nd4 9. Nbd2 c6 10. h3 Bh5 11. Bd3 cxd5 12. exd5 Nxf3+ 13. Nxf3 Qa5 14. g4 Bg6 15. Bg5 Bxd3 16. Qxd3 Qxd5 17. Qxd5 Nxd5 18. Rad1 Bxg5 19. Nxg5 Nf4 20. Rxd6 Rad8 21. Red1 Rxd6 22. Rxd6 h6 23. Ne4 Nxh3+ 24. Kh2 Ng5 25. Nxg5 hxg5 26. Rd7 Rb8 27. Re7 f6 28. Kg2 Kf8 29. Rc7 g6 30. Kf3 f5 31. c4 a5 32. c5 Ke8 33. Rg7 Rc8 34. Rxg6 Rxc5 35. gxf5 Rb5 36. b3 Kf7 37. Kg4 a4 38. bxa4 Rb2 39. a5 Rxf2 40. a6 bxa6 41. Rxa6 Rg2+ 42. Kf3 Rb2 43. Ke4 Re2+ 44. Kd5 g4 45. a4 g3 46. Rg6 g2 47. a5 Ra2 48. a6 Rxa6 1/2-1/2

[Event "Quebec-ch"]
[Site "Quebec CAN"]
[Date "2007.06.28"]
[Round "7"]
[White "Ye, Ling Feng"]
[Black "Masse, Hugues"]
[Result "1/2-1/2"]
[WhiteElo "2141"]
[BlackElo "2181"]
[PlyCount "62"]
[GameId "2160767910667686"]
[EventDate "2007.06.21"]
[EventType "tourn"]
[EventRounds "9"]
[EventCountry "CAN"]
[SourceTitle "CBM 119 Extra"]
[Source "ChessBase"]
[SourceDate "2007.09.04"]
[SourceVersion "1"]
[SourceVersionDate "2007.09.04"]
[SourceQuality "1"]

1. e4 c5 2. Nf3 d6 3. d4 cxd4 4. Nxd4 Nf6 5. Nc3 a6 6. Be3 e5 7. Nb3 Be6 8. f4 exf4 9. Bxf4 Nc6 10. Qe2 Be7 11. h3 Nd7 12. O-O-O Nce5 13. Nd5 Bxd5 14. Rxd5 O-O 15. g4 Rc8 16. h4 Qc7 17. g5 Nb6 18. Rd1 Na4 19. Kb1 b5 20. Bxe5 dxe5 21. Rh3 Rfd8 22. Rhd3 Nb6 23. Bh3 Rxd3 24. Rxd3 Rd8 25. Rxd8+ Qxd8 26. Qd3 Qxd3 27. cxd3 h6 28. gxh6 g6 29. h5 Kh7 30. hxg6+ fxg6 31. d4 Kxh6 1/2-1/2

[Event "Quebec-ch"]
[Site "Quebec CAN"]
[Date "2007.06.29"]
[Round "8"]
[White "Khassanov, Marat"]
[Black "Audet-Bouchard, Nicolas"]
[Result "1-0"]
[WhiteElo "2302"]
[BlackElo "2204"]
[PlyCount "143"]
[GameId "2160767910667688"]
[EventDate "2007.06.21"]
[EventType "tourn"]
[EventRounds "9"]
[EventCountry "CAN"]
[SourceTitle "CBM 119 Extra"]
[Source "ChessBase"]
[SourceDate "2007.09.04"]
[SourceVersion "1"]
[SourceVersionDate "2007.09.04"]
[SourceQuality "1"]

1. e4 c5 2. Nf3 Nc6 3. c3 d5 4. exd5 Qxd5 5. d4 Bg4 6. Be2 e6 7. Be3 cxd4 8. cxd4 Nf6 9. O-O Be7 10. Nc3 Qd6 11. Nb5 Qd7 12. Qb3 Nd5 13. h3 Bf5 14. Ne5 Nxe5 15. dxe5 a6 16. Rfd1 O-O 17. Nc3 Rad8 18. Bf3 Qc7 19. Nxd5 exd5 20. Bb6 Qxe5 21. Bxd8 Rxd8 22. Rxd5 Rxd5 23. Qxd5 Qxb2 24. Re1 Be6 25. Qxb7 Qxb7 26. Bxb7 Bb4 27. Re2 a5 28. Bc8 Bd5 29. Bd7 g6 30. Ba4 Kg7 31. Bb3 Bc6 32. a4 Kf6 33. Rc2 Bd7 34. Re2 Bc6 35. Re3 Bb7 36. g3 Bc6 37. Kh2 Bb7 38. f4 Bc6 39. Re5 h5 40. g4 hxg4 41. hxg4 Bd7 42. Kg3 Bc6 43. g5+ Kg7 44. Re2 Bd7 45. Rc2 Be8 46. Rc8 Bd7 47. Rc7 Be8 48. Kf3 Kf8 49. Kg4 Bd6 50. Ra7 Bb4 51. f5 gxf5+ 52. Kxf5 Bc3 53. Rc7 Bb4 54. Bd5 Bd6 55. Rc8 Ke7 56. Bc6 Bd7+ 57. Bxd7 Kxd7 58. Ra8 Bb4 59. Kf6 Be7+ 60. Kxf7 Bxg5 61. Rxa5 Be3 62. Kf6 Kc6 63. Rb5 Bf2 64. Ke5 Be1 65. Kd4 Bd2 66. Kc4 Be3 67. a5 Bf2 68. a6 Bb6 69. Rb3 Kc7 70. Kd5 Bf2 71. Rb7+ Kc8 72. Kc6 1-0

[Event "Quebec-ch"]
[Site "Quebec CAN"]
[Date "2007.06.29"]
[Round "8"]
[White "Voloaca, Mihnea"]
[Black "Voskanyan, Vahagn"]
[Result "1-0"]
[WhiteElo "2228"]
[BlackElo "2275"]
[PlyCount "81"]
[GameId "2160767910667691"]
[EventDate "2007.06.21"]
[EventType "tourn"]
[EventRounds "9"]
[EventCountry "CAN"]
[SourceTitle "CBM 119 Extra"]
[Source "ChessBase"]
[SourceDate "2007.09.04"]
[SourceVersion "1"]
[SourceVersionDate "2007.09.04"]
[SourceQuality "1"]

1. d4 Nf6 2. c4 g6 3. Nc3 d5 4. cxd5 Nxd5 5. Bd2 Nb6 6. Bg5 Bg7 7. e3 O-O 8. Nf3 Be6 9. Rc1 c6 10. Be2 N8d7 11. O-O Nf6 12. e4 Bg4 13. Qd2 Bxf3 14. Bxf3 Re8 15. e5 Nfd5 16. Ne4 f6 17. Bh6 f5 18. Nc5 Qc8 19. e6 Qc7 20. h4 Rab8 21. g3 f4 22. Bxg7 Kxg7 23. Kg2 Rbd8 24. g4 Rf8 25. a4 Nf6 26. a5 Nbd5 27. a6 bxa6 28. Nxa6 Qc8 29. Nc5 Nb6 30. Qe2 Rd6 31. Rfe1 Kg8 32. Qe5 Qb8 33. g5 Ne8 34. Nd7 Nxd7 35. exd7 Ng7 36. Bxc6 f3+ 37. Kh3 Qxb2 38. Bd5+ Rxd5 39. Qxd5+ e6 40. Rxe6 Nxe6 41. Qxe6+ 1-0

[Event "Quebec-ch"]
[Site "Quebec CAN"]
[Date "2007.06.30"]
[Round "9"]
[White "Audet-Bouchard, Nicolas"]
[Black "Voloaca, Mihnea"]
[Result "1-0"]
[WhiteElo "2204"]
[BlackElo "2228"]
[PlyCount "91"]
[GameId "2160767910667692"]
[EventDate "2007.06.21"]
[EventType "tourn"]
[EventRounds "9"]
[EventCountry "CAN"]
[SourceTitle "CBM 119 Extra"]
[Source "ChessBase"]
[SourceDate "2007.09.04"]
[SourceVersion "1"]
[SourceVersionDate "2007.09.04"]
[SourceQuality "1"]

1. c4 e6 2. g3 d5 3. Bg2 Nf6 4. Nf3 c6 5. Qc2 Nbd7 6. d4 Bd6 7. O-O O-O 8. b3 Qe7 9. Bb2 Ne4 10. Ne5 f5 11. f3 Nxe5 12. fxe4 Ng4 13. e5 Bc7 14. Qd2 Rd8 15. h3 Nh6 16. c5 Bd7 17. Nc3 Ba5 18. a3 Bxc3 19. Bxc3 Kh8 20. Ba5 Rg8 21. Bc7 Be8 22. Bd6 Qd7 23. b4 Bh5 24. a4 g5 25. e3 Nf7 26. Rab1 Bg6 27. Rb3 a6 28. Rc1 h5 29. Kh2 h4 30. gxh4 g4 31. hxg4 fxg4 32. e4 Qd8 33. Kg3 dxe4 34. Rf1 Kh7 35. Rf6 Nh6 36. Bxe4 Qxf6 37. exf6 Bxe4 38. Qf4 Bd5 39. Rb1 Nf5+ 40. Kh2 g3+ 41. Kg1 Nxd6 42. cxd6 Rad8 43. Re1 Rg6 44. Re5 Rf8 45. Rh5+ Kg8 46. Rg5 1-0

[Event "Quebec-ch"]
[Site "Quebec CAN"]
[Date "2007.06.30"]
[Round "9"]
[White "Voskanyan, Vahagn"]
[Black "Fareh, Youness"]
[Result "1-0"]
[WhiteElo "2275"]
[BlackElo "2187"]
[PlyCount "135"]
[GameId "2160767910667695"]
[EventDate "2007.06.21"]
[EventType "tourn"]
[EventRounds "9"]
[EventCountry "CAN"]
[SourceTitle "CBM 119 Extra"]
[Source "ChessBase"]
[SourceDate "2007.09.04"]
[SourceVersion "1"]
[SourceVersionDate "2007.09.04"]
[SourceQuality "1"]

1. Nf3 Nf6 2. c4 g6 3. g3 b6 4. d4 Bg7 5. Bg2 Bb7 6. Nc3 Ne4 7. Qc2 Nxc3 8. bxc3 O-O 9. O-O d6 10. Bf4 Nd7 11. Rfd1 e6 12. Qc1 Ba6 13. Nd2 Rb8 14. Qa3 Qc8 15. Bc6 Nf6 16. Qa4 Bb7 17. Rab1 Bxc6 18. Qxc6 Qd7 19. Qf3 Nh5 20. Nb3 Nxf4 21. gxf4 Qa4 22. Qd3 c5 23. Nd2 e5 24. fxe5 cxd4 25. cxd4 dxe5 26. d5 f5 27. e4 Qd7 28. Qh3 Qd6 29. Rb3 Rf7 30. a4 Qc5 31. Qe3 Qc8 32. Rc1 Qf8 33. Re1 Bh6 34. Qc3 Bf4 35. c5 Qh6 36. Nf1 fxe4 37. c6 Rbf8 38. Qh3 Qg5+ 39. Qg2 Qd8 40. Qxe4 Qd6 41. Rb2 Rc7 42. Rb5 Rd8 43. a5 bxa5 44. Rxa5 Qe7 45. Rb1 Kf7 46. Rab5 Qf6 47. R1b3 Qd6 48. Rf3 Kg7 49. Ra5 Rb8 50. Ne3 Bxe3 51. Rxe3 Re7 52. Rea3 Rb4 53. Qe1 Qb8 54. Kg2 Rg4+ 55. Rg3 Rf4 56. Qc3 Qb6 57. Ra2 Rd4 58. Rd2 Rf7 59. Qe3 Rf5 60. Rxd4 exd4 61. Qe7+ Rf7 62. Qe5+ Kg8 63. Rd3 a5 64. Qxd4 Qc7 65. Re3 Rf4 66. Qe5 Qxe5 67. Rxe5 Rc4 68. d6 1-0

[Event "Quebec-ch"]
[Site "Quebec CAN"]
[Date "2007.06.30"]
[Round "9"]
[White "Ye, Ling Feng"]
[Black "Khassanov, Marat"]
[Result "1/2-1/2"]
[WhiteElo "2141"]
[BlackElo "2302"]
[PlyCount "77"]
[GameId "2160767910667696"]
[EventDate "2007.06.21"]
[EventType "tourn"]
[EventRounds "9"]
[EventCountry "CAN"]
[SourceTitle "CBM 119 Extra"]
[Source "ChessBase"]
[SourceDate "2007.09.04"]
[SourceVersion "1"]
[SourceVersionDate "2007.09.04"]
[SourceQuality "1"]

1. e4 c6 2. d4 d5 3. Nc3 dxe4 4. Nxe4 Bf5 5. Ng3 Bg6 6. Nf3 Nd7 7. h4 h6 8. h5 Bh7 9. Bd3 Bxd3 10. Qxd3 Ngf6 11. Bf4 Qa5+ 12. Bd2 Qc7 13. O-O-O e6 14. Ne4 O-O-O 15. g3 Nxe4 16. Qxe4 Bd6 17. c4 Nf6 18. Qc2 c5 19. d5 exd5 20. cxd5 Qd7 21. Bc3 Rhe8 22. Kb1 Qg4 23. Bxf6 gxf6 24. Nd4 Re5 25. Nb5 Kb8 26. f4 Re2 27. Qa4 a6 28. Qa5 Qc8 29. Na3 Bc7 30. Qc3 Qf5+ 31. Ka1 Rxd5 32. g4 Rxd1+ 33. Rxd1 Qxg4 34. Qxc5 Qxf4 35. Qf8+ Ka7 36. Qc5+ Bb6 37. Qc3 Qe5 38. Qb3 Re1 39. Nb5+ 1/2-1/2

[Event "Quebec-ch U20"]
[Site "Montreal CAN"]
[Date "2007.04.20"]
[Round "1"]
[White "Lemire-Paquin, Alexandre"]
[Black "Ye, Ling Feng"]
[Result "0-1"]
[WhiteElo "2018"]
[BlackElo "2134"]
[PlyCount "76"]
[GameId "2160767910693046"]
[EventDate "2007.04.20"]
[EventType "tourn"]
[EventRounds "5"]
[EventCountry "CAN"]
[SourceTitle "EXT 2022"]
[Source "ChessBase"]
[SourceDate "2021.10.06"]
[SourceVersion "1"]
[SourceVersionDate "2021.10.06"]
[SourceQuality "1"]

1. e4 c5 2. Nf3 e6 3. d3 Nc6 4. g3 g6 5. Bg2 Bg7 6. O-O Nge7 7. c3 e5 8. Na3 O-O 9. Re1 d6 10. Be3 b6 11. d4 exd4 12. cxd4 Bg4 13. Nc2 Rc8 14. h3 Bxf3 15. Bxf3 cxd4 16. Nxd4 Ne5 17. Bg2 Nc4 18. Rb1 d5 19. Bg5 dxe4 20. Bxe7 Qxe7 21. Rxe4 Qd7 22. Qe2 f5 23. Nxf5 Qxf5 24. g4 Qf7 25. Re7 Qf6 26. Bd5+ Kh8 27. Re6 Qd4 28. Rd1 Qc5 29. b3 Nb2 30. Rd2 Rcd8 31. Rc6 Qa5 32. Rc7 Rxd5 33. Qe7 Rg8 34. b4 Qxa2 35. Re2 Rd1+ 36. Kh2 Qd5 37. f4 Qh1+ 38. Kg3 Rd3+ 0-1

[Event "Quebec-ch U20"]
[Site "Montreal CAN"]
[Date "2007.04.20"]
[Round "1"]
[White "Ramaswamy, Kishor"]
[Black "Feoktistov, Dmitri"]
[Result "1/2-1/2"]
[WhiteElo "2087"]
[BlackElo "2169"]
[PlyCount "95"]
[GameId "2160767910693047"]
[EventDate "2007.04.20"]
[EventType "tourn"]
[EventRounds "5"]
[EventCountry "CAN"]
[SourceTitle "EXT 2022"]
[Source "ChessBase"]
[SourceDate "2021.10.06"]
[SourceVersion "1"]
[SourceVersionDate "2021.10.06"]
[SourceQuality "1"]

1. d4 d5 2. Nf3 c5 3. c3 e6 4. Bf4 Nc6 5. e3 Nf6 6. Nbd2 Bd6 7. Bg3 Qe7 8. Ne5 Bxe5 9. Bxe5 Nxe5 10. dxe5 Nd7 11. f4 f6 12. Bb5 fxe5 13. Qh5+ g6 14. Qxe5 O-O 15. Bxd7 Qxd7 16. g4 b6 17. Nf3 Ba6 18. Kf2 Rae8 19. Rad1 Qg7 20. h4 h6 21. Rd2 Bb7 22. Rh2 Ba8 23. Kg3 Rf7 24. Qxg7+ Rxg7 25. g5 h5 26. Ne5 Kh7 27. Rd1 Rc7 28. Rhd2 Kg7 29. Kf2 Bb7 30. b3 Kh7 31. Rc1 Kg7 32. Rdc2 a5 33. a3 Ra8 34. Rb2 Rd8 35. Rcc2 Rdc8 36. Ke1 Kh7 37. Kd2 Bc6 38. Rc1 Bb7 39. Rbb1 Ra8 40. b4 axb4 41. axb4 d4 42. cxd4 Ra2+ 43. Ke1 Be4 44. Ra1 Rxa1 45. Rxa1 cxb4 46. Ra2 Rc1+ 47. Kd2 Rh1 48. Rb2 1/2-1/2

[Event "Quebec-ch U20"]
[Site "Montreal CAN"]
[Date "2007.04.21"]
[Round "2"]
[White "Feoktistov, Dmitri"]
[Black "Benoit-Deschamps, Jean-Marc"]
[Result "1/2-1/2"]
[WhiteElo "2169"]
[BlackElo "2086"]
[PlyCount "64"]
[GameId "2160767910693048"]
[EventDate "2007.04.20"]
[EventType "tourn"]
[EventRounds "5"]
[EventCountry "CAN"]
[SourceTitle "EXT 2022"]
[Source "ChessBase"]
[SourceDate "2021.10.06"]
[SourceVersion "1"]
[SourceVersionDate "2021.10.06"]
[SourceQuality "1"]

1. d4 Nf6 2. c4 c5 3. d5 e6 4. Nc3 exd5 5. cxd5 d6 6. Nf3 g6 7. Nd2 Nbd7 8. Nc4 Nb6 9. e4 Nxc4 10. Bxc4 Bg7 11. O-O O-O 12. Bg5 a6 13. a4 Bd7 14. f4 Qb6 15. e5 Ng4 16. Be7 Rfe8 17. Bxd6 Ne3 18. Qb3 Qxb3 19. Bxb3 Nxf1 20. Rxf1 Rac8 21. Bc4 Bf5 22. h3 h5 23. Be2 h4 24. Bg4 Bxg4 25. hxg4 g5 26. Ne4 gxf4 27. Rxf4 Bxe5 28. Bxe5 Rxe5 29. Kf2 Rd8 30. Nf6+ Kg7 31. Rf3 Kg6 32. Nh5 f5 1/2-1/2

[Event "Quebec-ch U20"]
[Site "Montreal CAN"]
[Date "2007.04.21"]
[Round "2"]
[White "Ramaswamy, Kishor"]
[Black "Lemire-Paquin, Alexandre"]
[Result "1-0"]
[WhiteElo "2087"]
[BlackElo "2018"]
[PlyCount "87"]
[GameId "2160767910693049"]
[EventDate "2007.04.20"]
[EventType "tourn"]
[EventRounds "5"]
[EventCountry "CAN"]
[SourceTitle "EXT 2022"]
[Source "ChessBase"]
[SourceDate "2021.10.06"]
[SourceVersion "1"]
[SourceVersionDate "2021.10.06"]
[SourceQuality "1"]

1. d4 Nf6 2. Nf3 g6 3. Bg5 Bg7 4. Nbd2 O-O 5. c3 d6 6. e4 Nc6 7. Bb5 Bd7 8. O-O h6 9. Bh4 Nh5 10. Re1 Ne5 11. Nxe5 Bxb5 12. Nxg6 fxg6 13. Qb3+ Rf7 14. Qxb5 Qc8 15. f3 Nf4 16. Bg3 g5 17. Qb3 e6 18. Nf1 Ng6 19. Ne3 Ne7 20. h3 h5 21. d5 e5 22. c4 b6 23. Qd3 Bh6 24. b4 a5 25. a3 Qd7 26. c5 Rff8 27. Nc4 axb4 28. axb4 bxc5 29. bxc5 Rfb8 30. Rxa8 Rxa8 31. Bf2 Rf8 32. Be3 Ng6 33. c6 Qc8 34. Rb1 Nh4 35. Bf2 Ng6 36. Ne3 Nf4 37. Qb3 Kh7 38. Qb7 Qd8 39. Nf5 g4 40. Bh4 Bg5 41. Bxg5 Qxg5 42. Qxc7+ Kh8 43. h4 Ne2+ 44. Kf2 1-0

[Event "Quebec-ch U20"]
[Site "Montreal CAN"]
[Date "2007.04.21"]
[Round "3"]
[White "Benoit-Deschamps, Jean-Marc"]
[Black "Ye, Ling Feng"]
[Result "1/2-1/2"]
[WhiteElo "2086"]
[BlackElo "2134"]
[PlyCount "108"]
[GameId "2160767910693051"]
[EventDate "2007.04.20"]
[EventType "tourn"]
[EventRounds "5"]
[EventCountry "CAN"]
[SourceTitle "EXT 2022"]
[Source "ChessBase"]
[SourceDate "2021.10.06"]
[SourceVersion "1"]
[SourceVersionDate "2021.10.06"]
[SourceQuality "1"]

1. d4 d5 2. c4 e6 3. Nc3 Nf6 4. cxd5 exd5 5. Bg5 Be7 6. e3 O-O 7. Bd3 c6 8. Qc2 Nbd7 9. Nf3 Re8 10. O-O Nf8 11. h3 Be6 12. Rfe1 Ng6 13. Rab1 Ne4 14. Bxe7 Rxe7 15. b4 Nxc3 16. Qxc3 Rc7 17. Rec1 Qf6 18. Kh2 Rac8 19. Rb2 Bd7 20. Rbc2 Qd6+ 21. Kh1 Qf6 22. Ne5 Nxe5 23. dxe5 Qh4 24. Qd4 Qxd4 25. exd4 g6 26. f4 h5 27. Rf1 Bf5 28. Bxf5 gxf5 29. Rf3 h4 30. g4 hxg3 31. Rxg3+ Kf8 32. Rg5 a5 33. bxa5 c5 34. dxc5 Rxc5 35. Rxc5 Rxc5 36. Rxf5 Ke7 37. Rf6 Rxa5 38. Rb6 Rxa2 39. Rxb7+ Ke8 40. Rb8+ Ke7 41. Rb7+ Ke8 42. Rb4 Ke7 43. Kg1 Re2 44. h4 Kf8 45. Rd4 Kg7 46. Kf1 Rb2 47. f5 Kh6 48. Rxd5 Rb4 49. Kg2 Rf4 50. e6 fxe6 51. fxe6 Rxh4 52. Kf3 Kg6 53. Re5 Rh8 54. Ke4 Kf6 1/2-1/2

[Event "Quebec-ch U20"]
[Site "Montreal CAN"]
[Date "2007.04.21"]
[Round "3"]
[White "Lemire-Paquin, Alexandre"]
[Black "Feoktistov, Dmitri"]
[Result "0-1"]
[WhiteElo "2018"]
[BlackElo "2169"]
[PlyCount "108"]
[GameId "2160767910693053"]
[EventDate "2007.04.20"]
[EventType "tourn"]
[EventRounds "5"]
[EventCountry "CAN"]
[SourceTitle "EXT 2022"]
[Source "ChessBase"]
[SourceDate "2021.10.06"]
[SourceVersion "1"]
[SourceVersionDate "2021.10.06"]
[SourceQuality "1"]

1. b3 e5 2. Bb2 d6 3. e3 f5 4. d4 e4 5. c4 Nf6 6. Nc3 Be7 7. Nge2 c6 8. Nf4 O-O 9. h4 a5 10. Be2 Na6 11. g3 Bd7 12. c5 b5 13. d5 Nxc5 14. dxc6 Bxc6 15. Bxb5 Bxb5 16. Nxb5 Qd7 17. Nc3 Qb7 18. Ba3 Rfc8 19. Ncd5 Nd3+ 20. Nxd3 Nxd5 21. Nf4 Nxf4 22. gxf4 Bf6 23. Rc1 d5 24. O-O Rxc1 25. Bxc1 Rd8 26. Bd2 Qa6 27. Qe1 Bxh4 28. Bxa5 Ra8 29. b4 Qg6+ 30. Kh1 Qh6 31. Kg2 Qg6+ 32. Kh2 d4 33. Qd1 d3 34. Qb3+ Kh8 35. Rg1 Qh6 36. Kg2 Qg6+ 37. Kh2 Qh5 38. Qd1 Qf7 39. Qd2 Rc8 40. Rc1 Rxc1 41. Qxc1 h6 42. Qd2 Qh5 43. Kg2 Qg6+ 44. Kf1 Qc6 45. Ke1 Bf6 46. Kd1 h5 47. f3 Qc2+ 48. Qxc2 dxc2+ 49. Kxc2 h4 50. b5 h3 51. b6 Be7 52. fxe4 h2 53. b7 Bd6 54. Bb4 h1=Q 0-1

[Event "Quebec-ch U20"]
[Site "Montreal CAN"]
[Date "2007.04.22"]
[Round "4"]
[White "Feoktistov, Dmitri"]
[Black "Ye, Ling Feng"]
[Result "1/2-1/2"]
[WhiteElo "2169"]
[BlackElo "2134"]
[PlyCount "66"]
[GameId "2160767910693054"]
[EventDate "2007.04.20"]
[EventType "tourn"]
[EventRounds "5"]
[EventCountry "CAN"]
[SourceTitle "EXT 2022"]
[Source "ChessBase"]
[SourceDate "2021.10.06"]
[SourceVersion "1"]
[SourceVersionDate "2021.10.06"]
[SourceQuality "1"]

1. d4 d5 2. c4 e6 3. Nc3 Nf6 4. Bg5 Be7 5. Nf3 O-O 6. e3 c6 7. Bd3 Nbd7 8. O-O Re8 9. Ne5 Nxe5 10. dxe5 Nd7 11. Bxe7 Qxe7 12. f4 Nf8 13. Rf3 f6 14. Rg3 f5 15. Ne2 dxc4 16. Bxc4 b5 17. Bd3 Bd7 18. e4 Kh8 19. Qc2 g6 20. Rc1 Rac8 21. Qc5 Qxc5+ 22. Rxc5 Red8 23. b4 Be8 24. Rc1 Nd7 25. exf5 gxf5 26. Kf2 c5 27. Bxb5 cxb4 28. Bxd7 Bxd7 29. Rxc8 Bxc8 30. a3 a5 31. axb4 axb4 32. Rb3 Ba6 33. Ke3 Rd1 1/2-1/2

[Event "Quebec-ch U20"]
[Site "Montreal CAN"]
[Date "2007.04.22"]
[Round "4"]
[White "Ramaswamy, Kishor"]
[Black "Benoit-Deschamps, Jean-Marc"]
[Result "1-0"]
[WhiteElo "2087"]
[BlackElo "2086"]
[PlyCount "67"]
[GameId "2160767910693056"]
[EventDate "2007.04.20"]
[EventType "tourn"]
[EventRounds "5"]
[EventCountry "CAN"]
[SourceTitle "EXT 2022"]
[Source "ChessBase"]
[SourceDate "2021.10.06"]
[SourceVersion "1"]
[SourceVersionDate "2021.10.06"]
[SourceQuality "1"]

1. d4 Nf6 2. Nf3 g6 3. Bg5 Bg7 4. Nbd2 d5 5. e3 O-O 6. b4 Nbd7 7. Be2 b6 8. O-O c5 9. bxc5 bxc5 10. c3 Ne4 11. Nxe4 dxe4 12. Nd2 h6 13. Bh4 g5 14. Bg3 f5 15. Qb3+ Kh7 16. Qd5 Nb6 17. Qxc5 Be6 18. Bc7 Qd7 19. Bb5 Na4 20. Bxd7 Nxc5 21. Bxe6 Nxe6 22. Ba5 Rfc8 23. Rab1 Nc7 24. Bxc7 Rxc7 25. c4 Kg6 26. Rb3 Kf7 27. Rfb1 Ke6 28. Kf1 Kd6 29. Ke2 e6 30. a4 Rac8 31. Rb7 Bf6 32. g4 a6 33. R1b6+ Rc6 34. c5+ 1-0